[Event "Nordic School Team Championship"]
[Site "Lund"]
[Date "2007.09.08"]
[Round "4.1"]
[White "Kjartansson, Gudmundur"]
[Black "Rosberg, Simon"]
[Result "1/2-1/2"]
[WhiteElo "2335"]
[BlackElo "2345"]
[PlyCount "85"]
[EventDate "2007.09.07"]
[EventType "team"]
[EventRounds "5"]
[EventCountry "SWE"]
[WhiteTeam "Menntaskólinn"]
[BlackTeam "Metapontum"]

1. e4 c5 2. Nf3 Nc6 3. d4 cxd4 4. Nxd4 e6 5. Nc3 Qc7 6. Be3 a6 7. Bd3 Nf6 8.
O-O Nxd4 9. Bxd4 Bc5 10. Bxc5 Qxc5 11. Kh1 d6 12. f4 e5 13. fxe5 Qxe5 14. Qd2
O-O 15. Nd5 Nxd5 16. exd5 Qxb2 17. Rae1 f5 18. Qf4 Qf6 19. g4 Bd7 20. g5 Qg6
21. Re7 Rad8 22. h4 Rf7 23. Rfe1 Rxe7 24. Rxe7 Kf8 25. Re3 Re8 26. Kg2 Rxe3 27.
Qxe3 Qf7 28. c4 Qe7 29. Qb6 Bc8 30. Kf3 h6 31. gxh6 gxh6 32. c5 dxc5 33. Qxh6+
Qg7 34. Qd6+ Ke8 35. Qb8 Qg4+ 36. Ke3 Qd4+ 37. Ke2 Qg4+ 38. Ke3 Qd4+ 39. Ke2
Qg4+ 40. Kd2 Qb4+ 41. Kd1 Qg4+ 42. Kd2 Qb4+ 43. Ke2 1/2-1/2

[Event "Nordic School Team Championship"]
[Site "Lund"]
[Date "2007.09.08"]
[Round "4.1"]
[White "Sofiev, Alexey"]
[Black "Dragicevic, Drazen"]
[Result "0-1"]
[WhiteElo "2136"]
[BlackElo "2309"]
[PlyCount "62"]
[EventDate "2007.09.07"]
[EventType "team"]
[EventRounds "5"]
[EventCountry "SWE"]
[WhiteTeam "Matematiikkalukio"]
[BlackTeam "S:t Petri"]

1. e4 c5 2. Nc3 Nc6 3. f4 g6 4. Nf3 Bg7 5. Bc4 e6 6. d3 Nge7 7. e5 d6 8. exd6
Qxd6 9. Ne4 Qc7 10. c3 b6 11. O-O O-O 12. g4 Na5 13. Bb3 Nxb3 14. Qxb3 Ba6 15.
c4 f5 16. Neg5 fxg4 17. Nxe6 Qd6 18. Nfg5 h6 19. Nxf8 Bd4+ 20. Rf2 hxg5 21. Qa4
Rxf8 22. Qxa6 Rxf4 23. Bxf4 Qxf4 24. Qb7 Qxf2+ 25. Kh1 Qf3+ 26. Qxf3 gxf3 27.
Re1 Nf5 28. Re8+ Kf7 29. Ra8 Ne3 30. Rxa7+ Kf6 31. Kg1 Nxc4+ 0-1

[Event "Nordic School Team Championship"]
[Site "Lund"]
[Date "2007.09.08"]
[Round "4.2"]
[White "Gajic, Mladen"]
[Black "Kumpulainen, Kalle"]
[Result "1-0"]
[WhiteElo "2259"]
[BlackElo "1802"]
[PlyCount "89"]
[EventDate "2007.09.07"]
[EventType "team"]
[EventRounds "5"]
[EventCountry "SWE"]
[WhiteTeam "S:t Petri"]
[BlackTeam "Matematiikkalukio"]

1. b3 Nf6 2. Bb2 d5 3. e3 c5 4. f4 Nc6 5. Nf3 Bf5 6. Bb5 e6 7. O-O Be7 8. Ne5
Rc8 9. g4 Bg6 10. h4 d4 11. h5 Be4 12. d3 Bd5 13. e4 Bxe4 14. dxe4 Nxe4 15. Qf3
Nf6 16. Nxc6 bxc6 17. Bxc6+ Kf8 18. Be4 g6 19. h6 Qd6 20. Nd2 Nxg4 21. Qxg4 f5
22. Qh3 fxe4 23. Nxe4 Qd5 24. Ng5 Bxg5 25. fxg5+ Ke7 26. Rae1 Qxg5+ 27. Kh2 Qd5
28. Bc1 Rhf8 29. Qg3 Rf5 30. Rxf5 Qxf5 31. Qg5+ Kd6 32. Bf4+ Kd7 33. Qxf5 exf5
34. Bg5 Re8 35. Rxe8 Kxe8 36. Kg3 Kd7 37. Kf4 Ke6 38. Bd8 Kd7 39. Bf6 Ke6 40.
Bg7 Kd5 41. c3 a6 42. a3 a5 43. a4 g5+ 44. Kxf5 g4 45. c4+ 1-0

[Event "Nordic School Team Championship"]
[Site "Lund"]
[Date "2007.09.08"]
[Round "4.2"]
[White "Thollin, Robert"]
[Black "Oskarsson, Aron Ingi"]
[Result "1-0"]
[WhiteElo "1983"]
[BlackElo "1871"]
[PlyCount "55"]
[EventDate "2007.09.07"]
[EventType "team"]
[EventRounds "5"]
[EventCountry "SWE"]
[WhiteTeam "Metapontum"]
[BlackTeam "Menntaskólinn"]

1. e4 e5 2. Nc3 Nc6 3. Bc4 Nf6 4. d3 Be7 5. Nge2 d6 6. O-O Be6 7. f3 O-O 8. Be3
d5 9. exd5 Nxd5 10. Nxd5 Bxd5 11. Bxd5 Qxd5 12. Nc3 Qe6 13. f4 exf4 14. Bxf4
Bd6 15. Re1 Qf6 16. Bxd6 Qxd6 17. Qd2 Rfe8 18. Kh1 Kf8 19. Ne4 Qd5 20. Nc3 Qd7
21. Rf1 Re7 22. Rf2 Rae8 23. Raf1 Ne5 24. Rf4 Kg8 25. h3 a6 26. Qf2 Qe6 27. Re4
Qc6 28. Rxe5 1-0

[Event "Nordic School Team Championship"]
[Site "Lund"]
[Date "2007.09.08"]
[Round "4.3"]
[White "Rinne, Heini"]
[Black "Kazazi, Enver"]
[Result "0-1"]
[WhiteElo "1592"]
[BlackElo "1870"]
[PlyCount "40"]
[EventDate "2007.09.07"]
[EventType "team"]
[EventRounds "5"]
[EventCountry "SWE"]
[WhiteTeam "Matematiikkalukio"]
[BlackTeam "S:t Petri"]

1. d4 d5 2. c4 e6 3. Nc3 Nf6 4. Bg5 dxc4 5. e3 a6 6. Bxc4 b5 7. Bd3 Bb7 8. Nf3
Nbd7 9. O-O h6 10. Bh4 Be7 11. Rc1 O-O 12. Qe2 c5 13. dxc5 Nxc5 14. Bb1 b4 15.
Bxf6 Bxf6 16. Qc2 g6 17. Ne2 Rc8 18. Ned4 Qb6 19. Rfd1 Rfd8 20. h3 a5 0-1

[Event "Nordic School Team Championship"]
[Site "Lund"]
[Date "2007.09.08"]
[Round "4.3"]
[White "Thorsteinsson, Hilmar"]
[Black "Larsson, Daniel"]
[Result "0-1"]
[WhiteElo "1865"]
[BlackElo "1920"]
[PlyCount "44"]
[EventDate "2007.09.07"]
[EventType "team"]
[EventRounds "5"]
[EventCountry "SWE"]
[WhiteTeam "Menntaskólinn"]
[BlackTeam "Metapontum"]

1. e4 e6 2. d4 d5 3. exd5 exd5 4. Nf3 Bd6 5. c4 c6 6. Nc3 Ne7 7. Bg5 O-O 8.
cxd5 f6 9. dxc6 fxg5 10. Qb3+ Kh8 11. cxb7 Bxb7 12. Qxb7 Nbc6 13. Qb3 Rb8 14.
Qc2 Nf5 15. d5 Ncd4 16. Nxd4 Nxd4 17. Qd2 Qf6 18. f3 Rbe8+ 19. Ne4 Rxe4+ 20.
fxe4 Bb4 21. Qxb4 Nc2+ 22. Kd2 Nxb4 0-1

[Event "Nordic School Team Championship"]
[Site "Lund"]
[Date "2007.09.08"]
[Round "4.4"]
[White "Gjoreska, Nada"]
[Black "Koivunen, Riku"]
[Result "1-0"]
[WhiteElo "1674"]
[BlackElo "1440"]
[PlyCount "105"]
[EventDate "2007.09.07"]
[EventType "team"]
[EventRounds "5"]
[EventCountry "SWE"]
[WhiteTeam "S:t Petri"]
[BlackTeam "Matematiikkalukio"]

1. e4 e5 2. Nf3 Nc6 3. Bc4 Bc5 4. d3 d6 5. Ng5 Nh6 6. h3 Qf6 7. Nf3 Nd4 8. Be3
Nxf3+ 9. Qxf3 Qxf3 10. gxf3 Bxe3 11. fxe3 f5 12. Nc3 c6 13. O-O-O f4 14. exf4
exf4 15. d4 Nf7 16. Bxf7+ Kxf7 17. h4 Rf8 18. d5 c5 19. Nb5 Ke7 20. Rdg1 Rf7
21. Rg5 Bd7 22. Nc3 Re8 23. h5 Kf8 24. Rh4 Re5 25. Rg1 h6 26. Rg6 Rf6 27. Ne2
Rxg6 28. hxg6 Rg5 29. Rxf4+ Ke8 30. Rh4 Rxg6 31. f4 Rg4 32. Rxg4 Bxg4 33. Ng3
g6 34. Kd2 Ke7 35. e5 h5 36. Ke3 Bh3 37. c4 a5 38. Ne4 dxe5 39. fxe5 b6 40. Kf4
Bf1 41. b3 Bd3 42. d6+ Kd8 43. Ng5 Bf5 44. e6 Ke8 45. Ke5 Kf8 46. Nh7+ Ke8 47.
Nf6+ Kf8 48. e7+ Kg7 49. e8=Q h4 50. Qe7+ Kh6 51. d7 Bxd7 52. Qxd7 g5 53. Qh7#
1-0

[Event "Nordic School Team Championship"]
[Site "Lund"]
[Date "2007.09.08"]
[Round "4.4"]
[White "Ruthberg, Andreas"]
[Black "Egilsson, Helgi"]
[Result "1/2-1/2"]
[WhiteElo "1629"]
[BlackElo "1710"]
[PlyCount "88"]
[EventDate "2007.09.07"]
[EventType "team"]
[EventRounds "5"]
[EventCountry "SWE"]
[WhiteTeam "Metapontum"]
[BlackTeam "Menntaskólinn"]

1. e4 c5 2. Nc3 Nc6 3. f4 d6 4. Bb5 Bd7 5. Nf3 e6 6. d3 Nf6 7. O-O Be7 8. Qe1
a6 9. Bxc6 Bxc6 10. b3 d5 11. Ne5 d4 12. Nxc6 bxc6 13. Ne2 Qb6 14. Bd2 O-O 15.
Rf3 Nd7 16. Qg3 f5 17. e5 Rf7 18. Qh3 Qd8 19. g3 Nb6 20. Ba5 Qd5 21. Rf2 Nc8
22. Bd2 a5 23. a4 Nb6 24. g4 Qd7 25. Ng3 g6 26. gxf5 exf5 27. Rg2 Qe6 28. Rf1
Kh8 29. Ne2 Nd5 30. Rf3 Rg8 31. Qh6 Nb4 32. Bxb4 cxb4 33. Rfg3 Bf8 34. Qh3 c5
35. Rf2 Be7 36. Qg2 Bh4 37. Rff3 Bxg3 38. Rxg3 Rfg7 39. h4 Qe7 40. Qh2 h6 41.
Kf2 Rh7 42. Rh3 g5 43. h5 gxf4 44. Nxf4 Qg5 1/2-1/2

[Event "Nordic School Team Championship"]
[Site "Lund"]
[Date "2007.09.09"]
[Round "5.1"]
[White "Dragecevic, Drazen"]
[Black "Kjartansson, Gudmundur"]
[Result "0-1"]
[WhiteElo "2309"]
[BlackElo "2335"]
[PlyCount "76"]
[EventDate "2007.09.07"]
[EventType "team"]
[EventRounds "5"]
[EventCountry "SWE"]
[WhiteTeam "S:t Petri"]
[BlackTeam "Menntaskólinn"]

1. e4 c6 2. d4 d5 3. Nc3 dxe4 4. Nxe4 Bf5 5. Ng3 Bg6 6. h4 h6 7. Nh3 e6 8. Nf4
Bh7 9. Bc4 Nf6 10. Ngh5 Nbd7 11. c3 Nxh5 12. Qxh5 Nf6 13. Qe2 Bd6 14. g4 Qe7
15. g5 Nd5 16. Nxd5 exd5 17. Qxe7+ Kxe7 18. Be2 hxg5 19. Bxg5+ f6 20. Be3 Be4
21. f3 Bf5 22. Kd2 Kf7 23. Rag1 Rh7 24. Rg2 g5 25. Bd3 Bxd3 26. Kxd3 Rxh4 27.
Rxh4 gxh4 28. f4 h3 29. Rh2 Rh8 30. Ke2 Ke6 31. Kf3 Kf5 32. Bd2 Rh4 33. Bc1
Bxf4 34. Bxf4 Rxf4+ 35. Kg3 Ke4 36. Re2+ Kd3 37. Re7 h2 38. Kg2 Rf2+ 0-1

[Event "Nordic School Team Championship"]
[Site "Lund"]
[Date "2007.09.09"]
[Round "5.1"]
[White "Forså, Espen"]
[Black "Sofiev, Alexey"]
[Result "0-1"]
[WhiteElo "2234"]
[BlackElo "2136"]
[PlyCount "62"]
[EventDate "2007.09.07"]
[EventType "team"]
[EventRounds "5"]
[EventCountry "SWE"]
[WhiteTeam "NTG Baerum"]
[BlackTeam "Matematiikkalukio"]

1. e4 e6 2. d4 d5 3. Nd2 Nf6 4. e5 Nfd7 5. f4 c5 6. c3 Nc6 7. Ndf3 Qb6 8. a3 c4
9. h4 Be7 10. h5 Nf8 11. h6 g6 12. g4 Bd7 13. Bh3 f5 14. exf6 Bxf6 15. Kf1
O-O-O 16. Rh2 Rg8 17. Ne5 Nxe5 18. dxe5 Be7 19. Nf3 g5 20. fxg5 Ng6 21. Re2
Rdf8 22. Kg2 Rxf3 23. Kxf3 Rf8+ 24. Kg3 Nxe5 25. Bg2 Bd6 26. Kh3 Nd3 27. Be3
Bc5 28. Qd2 Bxe3 29. Rxe3 Rf2 30. Rxd3 Rxd2 31. Rf3 e5 0-1

[Event "Nordic School Team Championship"]
[Site "Lund"]
[Date "2007.09.09"]
[Round "5.1"]
[White "Oskarsson, Aron Ingi"]
[Black "Gajic, Mladen"]
[Result "0-1"]
[WhiteElo "1915"]
[BlackElo "2259"]
[PlyCount "84"]
[EventDate "2007.09.07"]
[EventType "team"]
[EventRounds "5"]
[EventCountry "SWE"]
[WhiteTeam "Menntaskólinn"]
[BlackTeam "S:t Petri"]

1. e4 Nf6 2. e5 Nd5 3. d4 d6 4. Nf3 Bg4 5. Be2 e6 6. O-O Be7 7. c4 Nb6 8. exd6
cxd6 9. b3 O-O 10. Bb2 Bf6 11. Nbd2 Bf5 12. Re1 a5 13. Nf1 h6 14. Ng3 Bh7 15.
a3 Nc6 16. Bd3 Bxd3 17. Qxd3 d5 18. c5 Nd7 19. Rac1 b6 20. Re2 Rb8 21. Qa6 Qc7
22. cxb6 Rxb6 23. Qxa5 Qb7 24. Qd2 Rxb3 25. Ra1 Rb8 26. Bc1 Rxf3 27. gxf3 Nxd4
28. Re3 Nb3 29. Qe1 Nxa1 30. Re2 Qb1 31. Nh5 Rc8 32. Bd2 Qxe1+ 33. Bxe1 Nc2 34.
Bd2 Nd4 35. Re3 Rc2 36. Bb4 Ne5 37. Nxf6+ gxf6 38. Kg2 Ndxf3 39. Rxf3 Nxf3 40.
Kxf3 e5 41. Bd6 Kg7 42. a4 Ra2 0-1

[Event "Nordic School Team Championship"]
[Site "Lund"]
[Date "2007.09.09"]
[Round "5.2"]
[White "Kumpulainen, Kalle"]
[Black "Thomassen, Joachim"]
[Result "1/2-1/2"]
[WhiteElo "1802"]
[BlackElo "2075"]
[PlyCount "178"]
[EventDate "2007.09.07"]
[EventType "team"]
[EventRounds "5"]
[EventCountry "SWE"]
[WhiteTeam "Matematiikkalukio"]
[BlackTeam "NTG Baerum"]

1. e4 c5 2. Nc3 Nc6 3. f4 g6 4. Bb5 Nd4 5. Nf3 Bg7 6. O-O Nxb5 7. Nxb5 d5 8. e5
a6 9. Nc3 Bg4 10. h3 Bxf3 11. Qxf3 e6 12. b3 Ne7 13. d3 Nf5 14. Ne2 h5 15. c4
Nh4 16. Qf2 d4 17. Ng3 Bf8 18. Ne4 Be7 19. Bd2 a5 20. a4 Nf5 21. Qf3 h4 22.
Rae1 Qb6 23. Rb1 O-O-O 24. Kf2 Kb8 25. Ke2 Ka7 26. Kd1 Rdf8 27. Kc2 Qd8 28.
Rbe1 Re8 29. Kb2 Rhf8 30. Rf2 Qc7 31. Qe2 Rc8 32. Rf3 Rg8 33. Qf2 Qd8 34. Qe2
Ka6 35. Rf2 Qf8 36. Kb1 Qh6 37. Kb2 Qh5 38. Kb1 b6 39. Kc1 Kb7 40. Kc2 Kc6 41.
Kc1 Kd7 42. Kc2 Rgf8 43. Kc1 Qxe2 44. Rfxe2 f6 45. exf6 Bxf6 46. Kd1 Rce8 47.
Bc1 Bd8 48. Bd2 Ng7 49. Rf2 Nh5 50. Ref1 Rf5 51. Ke2 Ref8 52. Rf3 Bc7 53. g4
hxg3 54. Nxg3 Nxg3+ 55. Rxg3 R8f6 56. Rgf3 Ke7 57. R1f2 Rh5 58. Kf1 Rff5 59.
Kg2 Kf7 60. Rg3 Bd8 61. Rg4 Bh4 62. Re2 Rh8 63. Re4 Rfh5 64. Re5 R5h7 65. Bxa5
bxa5 66. Rxc5 Be7 67. Rxa5 Rxh3 68. Rg3 Rh2+ 69. Kf3 Rb2 70. Rb5 Rh1 71. Ke4
Rhb1 72. Kxd4 Rxb3 73. Rh3 Kg7 74. Re3 Kf7 75. Rh3 Kg7 76. Re3 Bh4 77. Rxe6
Bf2+ 78. Kd5 Rxd3+ 79. Kc6 Rc1 80. Rb7+ Kh6 81. Re4 Ra3 82. Rb2 Rxa4 83. Rxf2
Rcxc4+ 84. Rxc4 Rxc4+ 85. Kd5 Ra4 86. Ke5 Ra5+ 87. Ke4 Ra4+ 88. Ke5 Ra5+ 89.
Ke4 Ra4+ 1/2-1/2

[Event "Nordic School Team Championship"]
[Site "Lund"]
[Date "2007.09.09"]
[Round "5.3"]
[White "Hagen, Anders"]
[Black "Nummelin, Elias"]
[Result "1-0"]
[WhiteElo "2012"]
[BlackElo "1529"]
[PlyCount "25"]
[EventDate "2007.09.07"]
[EventType "team"]
[EventRounds "5"]
[EventCountry "SWE"]
[WhiteTeam "NTG Baerum"]
[BlackTeam "Matematiikkalukio"]

1. e4 e6 2. d4 d5 3. Nc3 Nf6 4. Bg5 Bb4 5. e5 h6 6. Bd2 Nfd7 7. Qg4 g6 8. Bd3
h5 9. Qg3 Rg8 10. Nf3 Be7 11. Ng5 c5 12. Nxe6 Qb6 13. Nxd5 1-0

[Event "Nordic School Team Championship"]
[Site "Lund"]
[Date "2007.09.09"]
[Round "5.3"]
[White "Kazazi, Enver"]
[Black "Thorsteinsson, Hilmar"]
[Result "0-1"]
[WhiteElo "1870"]
[BlackElo "1855"]
[PlyCount "76"]
[EventDate "2007.09.07"]
[EventType "team"]
[EventRounds "5"]
[EventCountry "SWE"]
[WhiteTeam "S:t Petri"]
[BlackTeam "Menntaskólinn"]

1. e4 d6 2. d4 Nf6 3. Nc3 g6 4. Bg5 Bg7 5. Qd2 Nbd7 6. O-O-O c5 7. e5 cxd4 8.
exf6 dxc3 9. Qf4 cxb2+ 10. Kb1 Nxf6 11. Bb5+ Bd7 12. Bc4 b5 13. Bb3 a5 14. Nf3
a4 15. Bxf6 Bxf6 16. Bd5 Rc8 17. Ng5 e6 18. Ne4 Be5 19. Nxd6+ Bxd6 20. Qxd6 Qc7
21. Qxc7 Rxc7 22. Be4 f5 23. Bf3 a3 24. Rd3 b4 25. Rhd1 Ke7 26. Rd6 Rhc8 27.
R1d2 Ba4 28. Bd1 Bxc2+ 29. Bxc2 Rxc2 30. Rd7+ Ke8 31. Rxc2 Rxc2 32. Rd1 Rxf2
33. Rg1 e5 34. h3 e4 35. g3 e3 36. Re1 e2 37. Kc2 b1=Q+ 38. Rxb1 Rf1 0-1

[Event "Nordic School Team Championship"]
[Site "Lund"]
[Date "2007.09.09"]
[Round "5.4"]
[White "Koivunen, Riku"]
[Black "Jörgensen, Line Jin"]
[Result "0-1"]
[WhiteElo "1440"]
[BlackElo "1851"]
[PlyCount "150"]
[EventDate "2007.09.07"]
[EventType "team"]
[EventRounds "5"]
[EventCountry "SWE"]
[WhiteTeam "Matematiikkalukio"]
[BlackTeam "NTG Baerum"]

1. e3 d5 2. Nc3 Nf6 3. Nf3 Bg4 4. Be2 e6 5. Nd4 Bxe2 6. Qxe2 a6 7. d3 c5 8. Nf3
Nc6 9. a4 Qc7 10. b3 Bd6 11. Ba3 b5 12. Bb2 Rb8 13. O-O c4 14. axb5 axb5 15.
Ra2 b4 16. Na4 c3 17. Bc1 O-O 18. h3 Nd7 19. e4 d4 20. Nh4 Ra8 21. Nf3 Ra5 22.
Bg5 f6 23. Bh4 g5 24. e5 Ndxe5 25. Nxe5 Bxe5 26. Qg4 Kh8 27. Bg3 Bxg3 28. fxg3
Qe5 29. Raa1 Qe3+ 30. Kh2 f5 31. Qf3 Qxf3 32. gxf3 Re5 33. Rae1 Kg7 34. f4 gxf4
35. gxf4 Rxe1 36. Rxe1 Re8 37. Kg3 Kf7 38. Kf3 Ne7 39. Nb6 Rd8 40. Re5 Rb8 41.
Nc4 Nd5 42. Nd6+ Kf6 43. Nc4 Ra8 44. Re2 Ra1 45. Rf2 Re1 46. Kg3 Ne3 47. Nxe3
dxe3 48. Rh2 Rd1 49. Kf3 Rd2 50. Re2 Rd1 51. Rh2 Re1 52. Re2 Rh1 53. Kg2 Rd1
54. Kf3 Rf1+ 55. Kg2 Rxf4 56. Rxe3 e5 57. Re2 Ke6 58. Kg3 Rf1 59. Rh2 Kd5 60.
Re2 Kd4 61. Kg2 Rd1 62. Kf3 Rd2 63. Kf2 Rxe2+ 64. Kxe2 e4 65. dxe4 Kxe4 66. h4
h5 67. Kf2 Kf4 68. Kg2 Kg4 69. Kf2 Kxh4 70. Kf3 Kg5 71. Kg3 f4+ 72. Kh3 Kf5 73.
Kg2 Ke4 74. Kf2 f3 75. Ke1 Ke3 0-1

[Event "Nordic School Team Championship"]
[Site "Lund"]
[Date "2007.09.09"]
[Round "5.4"]
[White "Sveinbjörnsson, Gardar"]
[Black "Gjoreska, Nada"]
[Result "0-1"]
[WhiteElo "1529"]
[BlackElo "1674"]
[PlyCount "78"]
[EventDate "2007.09.07"]
[EventType "team"]
[EventRounds "5"]
[EventCountry "SWE"]
[WhiteTeam "Menntaskólinn"]
[BlackTeam "S:t Petri"]

1. e4 e5 2. Nf3 Nc6 3. Bc4 d6 4. h3 Be6 5. Bxe6 fxe6 6. d3 h6 7. Nc3 Qf6 8. Be3
O-O-O 9. d4 exd4 10. Nxd4 Nge7 11. Nxc6 Nxc6 12. Qg4 Ne5 13. Qe2 Nc6 14. O-O-O
g5 15. Qc4 Bg7 16. Rhf1 Qe7 17. f3 Rd7 18. Rd2 Rhd8 19. Rfd1 Bxc3 20. Qxc3 d5
21. Bc5 Qf7 22. exd5 exd5 23. Qe3 d4 24. Qb3 Qxb3 25. axb3 Rd5 26. Ba3 b5 27.
c3 Na5 28. Re2 c5 29. b4 Nb3+ 30. Kc2 c4 31. Kb1 d3 32. Re7 Kb8 33. Re6 h5 34.
Re4 Kc7 35. Re7+ R8d7 36. Re6 Kd8 37. g3 Re7 38. Re4 Rxe4 39. fxe4 Re5 0-1